Films en anagrammes ! #2 - Spécial films d'animation - Statistiques

Statistiques générales
  • Ce quiz a été pris 102 fois
  • Le résultat moyen est 6 sur 12
Statistiques - réponses
Indice Studio Titre % Correct
A Well Disney Pixar WALL-E
81%
Un Mal Disney Mulan
74%
L'oeil noir Disney Le Roi Lion
63%
Le Déglaçage 20th Century FoxBlue Sky L'âge de Glace
60%
Nos Kimonos en crêpe Ghibli Princesse Mononoké
52%
Le dénommé Oden Disney Pixar Le Monde de Nemo
44%
Tourte à l'ail Disney Pixar Ratatouille
39%
Vivre à sec Disney Pixar Vice-Versa
39%
Red Lincoln Disney Cendrillon
35%
Masse le bout de couille Ghibli Le tombeau des lucioles
23%
Four Redressé Disney Frère des Ours
20%
Il était repensé Disney La petite Sirène
20%
Aucun quiz correspondant
Distribution des résultats
% des personnes avec chaque résultat
Percentile par nombre de réponses
Votre historique - résultats
Vous n’avez pas pris ce quiz